000 00266nam a22001217a 4500
008 170315b xxu||||| |||| 00| 0 eng d
041 _aeng
080 _a611
100 _a7
101 _aSHM
245 _aANATOMY OF THE HEAD AND NECK
_cNETTER, F.H
942 _2udc
_cBK
999 _c7931
_d7931